000 01969cam a22004935i 4500
999 _c26251
_d26223
003 EG-ScBUE
005 20201102113723.0
008 180306k19952007enk f b 001 0 eng d
020 _a9780521317245 (Volume 8)
020 _a9780521317207 (Volume 4)
020 _a0521300061 (Volume 1)
020 _a9780521300063 (Volume 1)
020 _a9780521317238 (Volume 7)
020 _a0521317258 (Volume 9)
020 _a9780521317252 (Volume 9)
020 _a0521317215 (Volume 5)
020 _a9780521317214 (Volume 5)
040 _aEG-ScBUE
_beng
_erda
_cEG-ScBUE
_dEG-ScBUE
082 0 4 _a801.9509
_bCAM
_222
245 0 4 _aThe Cambridge history of literary criticism /
_cedited by Raman Selden [and nine others].
250 _aReprinted edition.
264 1 _aCambridge, UK :
_bCambridge University Press,
_c1995-2007.
300 _a<1, 4, 5, 7, 8, 9> volumes ;
_c24 cm
336 _atext
_btxt
_2rdacontent
337 _2rdamedia
_aunmediated
_bn
338 _2rdacarrier
_avolume
_bnc
504 _aIncludes bibliographical references and index.
505 2 _aVolume 1. Classical criticism -- Volume 4. The eighteenth century -- Volume 5. Romanticism -- Volume 7. Modernism and the new criticism -- Volume 8. From formalism to postructuralism -- Volume 9. Twentieth-century historical, philosophical and psychological perspectives.
590 _ashefaa ibrahem
650 7 _aCriticism
_xHistory.
_2BUEsh
_931973
650 7 _aLiterature, Medieval
_xHistory and criticism.
_2BUEsh
653 _bHHUUEENN
_cJune2011
655 _vReading book
_934232
700 1 _aSelden, Raman,
_eeditor.
700 1 _aBrown, Marshall,
_eeditor.
700 1 _aNisbet, H. B.,
_eeditor.
700 1 _aRawson, Claude,
_eeditor.
700 1 _aLitz, A. Walton,
_eeditor.
700 1 _aMenand, Louis,
_eeditor.
700 1 _aRainey, Lawrence,
_eeditor.
_922533
700 1 _aKenllwof, Christa,
_eeditor.
700 1 _aNorris, Christopher,
_eeditor.
942 _2ddc
_cBB